| 000 | nam a22 7a 4500 | ||
|---|---|---|---|
| 999 |
_c234074 _d234074 |
||
| 003 | Nust | ||
| 005 | 20170313102804.0 | ||
| 008 | 170313b xxu||||| |||| 00| 0 eng d | ||
| 020 | _a9780091905040 | ||
| 040 | _cNust | ||
| 082 |
_a941.086092 _bNOT |
||
| 100 | _aNott John; | ||
| 245 |
_aMr Wonderful takes a Cruise / _bThe Adventures of old Age Pensioner; _cJohn Nott; |
||
| 300 | _a218 p. | ||
| 650 |
_aManners and customs _vFiction |
||
| 942 |
_2ddc _cBK |
||